000 00262nam a2200097Ia 4500
005 20251222154418.0
008 251222s9999||||xx |||||||||||||| ||spa||
082 _aREF.985.008/C76/T.XII
245 0 _aMisiones y documentos de cancillerĂ­as extranjeras
942 _cLIB
999 _c35934
_d35934